| 000 | 01062nam a2200289Ia 4500 | ||
|---|---|---|---|
| 005 | 20170706115346.0 | ||
| 010 | _aBAC-EN21 ENG-111576 | ||
| 020 |
_a9789332535213 _c799.00 |
||
| 020 |
_a9789332535213 _c849.00 (AV) |
||
| 035 | _aEN-95108 | ||
| 035 | _aB-591036-056 | ||
| 035 | _aB-668104 | ||
| 037 |
_bTechniz/Ven _adpl |
||
| 037 | _bDBAD/PUB | ||
| 082 | _a005.2762 | ||
| 100 | _aLiang, Y. Daniel | ||
| 245 |
_aIntroduction to Java programming : _bbrief version / _cby Y.Daniel Liang |
||
| 250 | _a9th ed | ||
| 260 |
_c2014 _aDelhi _bPearson Education |
||
| 270 |
_a11 Community Centre,Panchsheel Park _bNew Delhi _e110017 |
||
| 300 |
_c28cm(pbk) _a796p. : _bill. |
||
| 500 | _aIncludes index | ||
| 650 | _aJava (Computer program language) | ||
| 942 |
_cEN _2ddc _mLIA _h005.2762 |
||
| 999 |
_c88176 _d88176 |
||